00870nam a2200241Ia 4500003000900000008004100009040001300050040001300063041000800076100001600084245004700100250001100147260002700158260000900185300001100194300001000205490003500215490000800250600015200258942000700410999001700417952019400434IT-RoPAU120407s9999 xx 000 0 und d aIT-RoPAU cIT-RoPAU aita aErich Fromm aPsicanalisi della società€ contemporanea. aMilano aEdizioni di Comunità€ c1970 a347 p. c21 cm aSaggi di cultura contemporanea v149 a"Tit. orig.: The sane society. Trad. C. De Roberto 4a ed. 1. Psicologia sociale - I - De Roberto, Carlo 301.1 BNI 71-1365" cBK c33144d33144 00102ddc406151_70000000000000071aPAULUSbPAULUSd2012-04-11l0o151.7r2012-04-11 00:00:00w2012-04-11yBKzInserito da: Jole In data: 30 luglio 2011 fondo: Via A.Severo 56 Progr:30153